Diferenciaciones por sexo en el empleo: evolución entre generaciones /

Sábháilte in:
Sonraí bibleagrafaíochta
Príomhchruthaitheoir: Coubès, Marie - Laure
Formáid: Téacs
Ábhair:
Clibeanna: Cuir clib leis
Níl clibeanna ann, Bí ar an gcéad duine le clib a chur leis an taifead seo!

MARC

LEADER 00000 a a2200000 04500
001 4835
003
040
100 |a Coubès, Marie - Laure  
245 |a Diferenciaciones por sexo en el empleo:   |b evolución entre generaciones /  |c Marie - Laure Coubès 
650 |a DIVISION DEL TRABAJO  
650 |a ROLES DE LOS GENEROS  
650 |a EMPLEO  
650 |a PARTICIPACION DE LA MUJER  
650 |a PARTICIPACION DE LOS HOMBRES  
650 |a ESTADISTICAS DEL TRABAJO  
650 |a MEXICO  
650 |a EMPLEO  
650 |a PARTICIPACION DE LA MUJER  
650 |a PARTICIPACION DE LOS HOMBRES  
773 |g número 15; páginas 21-22  
999 |c 35720  |d 35720